| 000 | 00489nam a2200181 a 4500 | ||
|---|---|---|---|
| 005 | 20140310183515.0 | ||
| 008 | 110104s19uu xx 00 eng d | ||
| 020 | _a9781591842224 | ||
| 050 |
_aHD 31.D776 _b.K73 2008 |
||
| 100 | _aKrames, Jeffrey | ||
| 245 |
_aInside Drucker's brain / _cJeffrey Krames |
||
| 260 |
_aNew York : _bPenguin Books, _c2008. |
||
| 300 |
_a278 p. : _c20 cm. |
||
| 521 | _aBSBA | ||
| 650 | _aIndustrial management. | ||
| 942 |
_cBK _2lcc _kFOR |
||
| 999 |
_c24279 _d24279 |
||